000
00221 a2200097 4500
001
30151
100
_a
Qazi Faiz
245
_a
Itlaqi Shumaryaat
260
_a
Lahore
_b
Markazi Urdu Board Gulberg
_c
090
_c
20094
_d
20094
942
_a
NUST-CAE
_c
M
_c
11219
999
_c
265224
_d
265224